|
|
|
|
| LEADER |
00000nab a2200000 a 4500 |
| 001 |
vtls000412852 |
| 003 |
SK-MaSNL |
| 005 |
20260303183704.0 |
| 008 |
230131c1991 xo 0 slo |
| 015 |
|
|
|a SNBRB19rr/mm-uuuuu
|
| 035 |
|
|
|a CL0412977
|
| 035 |
|
|
|a urn:nbn:sk:snk-abd1yb
|
| 035 |
|
|
|a (urnnbn)urn:nbn:sk:snk:ar-a09pxx
|
| 035 |
|
|
|a (uuid)3f761f02-0e3b-4dca-9c3f-ebfbbf3e6f19
|
| 040 |
|
|
|a SNKBUCL
|b slo
|c SNKBUCL
|e AACR2
|
| 041 |
0 |
|
|a slo
|
| 044 |
|
|
|a xo
|c SK
|
| 080 |
|
|
|a 636.5.001.5
|2 1981
|
| 100 |
1 |
|
|a Miček, Ľubomír
|4 aut
|9 278643
|
| 245 |
1 |
0 |
|a Veda v prospech rozvoja hydinárstva v ČSFR
|c Ľubomír Miček
|
| 610 |
2 |
7 |
|a Výskumný ústav chovu a šľachtenia hydiny (Ivanka pri Dunaji, Slovensko)
|2 snkbucl
|9 82471
|
| 650 |
0 |
7 |
|a hydinárstvo
|2 snkbucl
|9 81673
|
| 655 |
|
7 |
|a články z novín a časopisov
|2 snkbucl
|9 267496
|
| 773 |
0 |
|
|t Hydina
|g Roč. 33, č. 1 (1991), s. 4-5
|
| 850 |
|
|
|a Slovenská národná knižnica v Martine
|a MTA001
|
| 852 |
|
|
|a SNK
|b KIS3GCP
|
| 954 |
|
|
|a odborná, vedecká literatúra pôvodná (slovenská)
|2 lita
|
| 957 |
|
|
|a 5201
|
| 958 |
|
|
|a RK
|
| 958 |
|
|
|a OND
|
| 958 |
|
|
|a EUIPO
|
| 958 |
|
|
|a article17
|
| 992 |
|
|
|a RBX
|
| 999 |
|
|
|c 2122467
|d 2124397
|